MARC

LEADER 00000nam0a2200000 4500
001 113078
005 20231031121718.0
035 |a (RuTPU)RU\TPU\book\122305 
090 |a 113078 
100 |a 20070405d1966 m y0rusy50 ca 
101 0 |a rus 
102 |a RU 
105 |a a z 001zy 
200 1 |a Температурные шкалы  |f А. Н. Гордов 
210 |a Москва  |c Изд-во стандартов  |d 1966 
215 |a 47 с.  |c ил. 
320 |a Библиография в конце книги. 
610 1 |a теплофизика 
610 1 |a температура 
610 1 |a температурные шкалы 
610 1 |a построение 
610 1 |a аппаратура 
675 |a 536.5  |v 3 
700 1 |a Гордов  |b А. Н.  |g Александр Николаевич 
801 1 |a RU  |b 63413507  |c 20070405  |g PSBO 
801 2 |a RU  |b 63413507  |c 20080917  |g PSBO 
942 |c BK